Spirit of enterprise (Record no. 148255)

MARC details
000 -LEADER
campo de control de longitud fija 00699nam a2200205 i 4500
001 - NÚMERO DE CONTROL
campo de control 148255
003 - IDENTIFICADOR DE NÚMERO DE CONTROL
campo de control ES-MaACL
005 - FECHA Y HORA DE LA ÚLTIMA TRANSACCIÓN
campo de control 20250814013816.0
007 - CAMPO FIJO DE DESCRIPCIÓN FÍSICA--INFORMACIÓN GENERAL
campo de control de longitud fija t|
008 - DATOS DE LONGITUD FIJA--INFORMACIÓN GENERAL
campo de control de longitud fija 070214s1981 xxkab |||| | eng d
245 00 - MENCIÓN DEL TÍTULO
Título Spirit of enterprise
Resto del título : the 1981 Rolex Awards /
Mención de responsabilidad, etc. edited by Gregory B. Stone ; foreword by Lord Hunt ; preface by André J. Heiniger.
260 ## - PUBLICACIÓN, DISTRIBUCIÓN, ETC.
Lugar de publicación, distribución, etc. London :
Nombre del editor, distribuidor, etc. Harrap,
Fecha de publicación, distribución, etc. [1981] (
Fabricante Arcata Book)
300 ## - DESCRIPCIÓN FÍSICA
Extensión XX, 460 p. :
Otras características físicas il. col. y n., mapas ;
Dimensiones 25 cm.
650 04 - PUNTO DE ACCESO ADICIONAL DE MATERIA--TÉRMINO DE MATERIA
Término de materia o nombre geográfico como elemento de entrada Inventos.
9 (RLIN) 13884
650 07 - PUNTO DE ACCESO ADICIONAL DE MATERIA--TÉRMINO DE MATERIA
Término de materia o nombre geográfico como elemento de entrada Ciencias
Fuente del encabezamiento o término embne
9 (RLIN) 10971
700 1# - ENTRADA AGREGADA--NOMBRE PERSONAL
Nombre de persona Stone, Gregory B.
9 (RLIN) 108305
700 1# - ENTRADA AGREGADA--NOMBRE PERSONAL
Nombre de persona Heiniger, Andre J.
9 (RLIN) 194853
852 ## - LOCALIZACIÓN
Ubicación ES-MaACL
Número de control de estantería L-3298
Holdings
Estatus retirado Estado de pérdida Estado de daño No para préstamo Biblioteca de origen Biblioteca actual Ubicación en estantería Fecha de adquisición Fuente de adquisición Total de préstamos Signatura topográfica completa Código de barras Visto por última vez Precio de reemplazo Tipo de ítem Koha
        Biblioteca del Ateneo de Madrid Biblioteca del Ateneo de Madrid Depósito 2 17/01/2008     L-3298 1154717 23/02/2023 23/02/2023 Libro impreso